000 00376nam a2200157Ia 4500
008 230524s9999 xx 000 0 und d
082 _a612
_bPOR
100 _aStuart Porter
_923690
245 0 _aTidy's Physiotherapy
250 _a13TH
260 _aNEW DELHI
_bElsevier
_c2004
300 _aVI;.521
500 _aQuantity Number: 1
650 _aBiomedical
942 _cBK
999 _c35236
_d35236